Diagnostic procedures in veterinary bacteriology and mycology (Record no. 8759)

000 -LEADER
fixed length control field 00217nam a22000977a 4500
040 ## - CATALOGING SOURCE
Transcribing agency HS
082 ## - DEWEY DECIMAL CLASSIFICATION NUMBER
Classification number 636
100 ## - MAIN ENTRY--AUTHOR NAME
Personal name G.R. CARTER
245 ## - TITLE STATEMENT
Title Diagnostic procedures in veterinary bacteriology and mycology
942 ## - ADDED ENTRY ELEMENTS (KOHA)
Koha item type សៀវភៅភាសាអង់គ្លេស
952 ## - LOCATION AND ITEM INFORMATION (KOHA)
Withdrawn status [LOCAL, KOHA] 0
952 ## - LOCATION AND ITEM INFORMATION (KOHA)
Withdrawn status [LOCAL, KOHA] 0
952 ## - LOCATION AND ITEM INFORMATION (KOHA)
Withdrawn status [LOCAL, KOHA] 0
Holdings
Permanent Location Date acquired Koha item type Lost status Shelving location Barcode Current Location Full call number
Library Block C2016-08-12សៀវភៅភាសាអង់គ្លេស C244RUA045246Library Block C636 GRC NA C244
Library Block C2016-10-13សៀវភៅភាសាអង់គ្លេស C249RUA045997Library Block C636 CAR NA C249
Library Block C2016-10-13សៀវភៅភាសាអង់គ្លេស C249RUA046003Library Block C636 NA CAR C249
មជ្ឈមណ្ឌលឯការនៃសាកលវិទ្យាល័យភូមិន្ទកសិកម្មចំការដូង

Powered by Koha